Russian Federation : Selected Issues.

This Selected Issues paper examines the potential costs of faster disinflation in Russia, drawing on the experience of European transition countries. The paper analyzes this experience, discusses factors contributing to the persistence of moderate inflation, and quantifies the disinflation costs in...

Descrición completa

Detalles Bibliográficos
Autor Corporativo: International Monetary Fund
Formato: Revista
Idioma:English
Publicado: Washington, D.C. : International Monetary Fund, 2003.
Series:IMF Staff Country Reports; Country Report ; No. 2003/146
Acceso en liña:Full text available on IMF
LEADER 01580cas a2200241 a 4500
001 AALejournalIMF008445
008 230101c9999 xx r poo 0 0eng d
020 |c 5.00 USD 
020 |z 9781451833065 
022 |a 1934-7685 
040 |a BD-DhAAL  |c BD-DhAAL 
110 2 |a International Monetary Fund. 
245 1 0 |a Russian Federation :   |b Selected Issues. 
264 1 |a Washington, D.C. :  |b International Monetary Fund,  |c 2003. 
300 |a 1 online resource (110 pages) 
490 1 |a IMF Staff Country Reports 
500 |a <strong>Off-Campus Access:</strong> No User ID or Password Required 
500 |a <strong>On-Campus Access:</strong> No User ID or Password Required 
506 |a Electronic access restricted to authorized BRAC University faculty, staff and students 
520 3 |a This Selected Issues paper examines the potential costs of faster disinflation in Russia, drawing on the experience of European transition countries. The paper analyzes this experience, discusses factors contributing to the persistence of moderate inflation, and quantifies the disinflation costs in these countries. It compares the Russian economy with the sample countries. The paper concludes that a relatively rapid reduction of core inflation from above 10 percent in 2002 to less than 5 percent in 2004 would be beneficial for the Russian economy. 
538 |a Mode of access: Internet 
830 0 |a IMF Staff Country Reports; Country Report ;  |v No. 2003/146 
856 4 0 |z Full text available on IMF  |u http://elibrary.imf.org/view/journals/002/2003/146/002.2003.issue-146-en.xml  |z IMF e-Library